000 00873cam a2200217 4500
001 WB3647-22
008 000000n2000 000 0 eng u
035 _a(Sirsi) u109540
245 _aHousing sites missed in small towns
260 _c2000
490 _aPlanning (for the Natural and Built Environment)
_v(1396) 24 November 2000, 3(1)
520 _aThe planning system is underestimating new housing opportunities in small towns, according to a new report published by the Civic Trust. The report, "Small Town Vitality - The Impact of New Housing", is available from the Civic Trust; tel 020 7930 0914
590 _aWB
650 _aHOUSING DEVELOPMENT
650 _aPLANNING SYSTEM
650 _aSMALL TOWNS
650 _aURBAN REGENERATION
650 _aNEW HOUSING
690 _aENVIRONMENTAL AND LAND CONSULTANCY-PLANNING AND DEVELOPMENT
942 _n0
999 _c65401
_d65401